[Event "Alushta4"]
[Site "Alushta"]
[Date "1994.??.??"]
[Round "5"]
[White "Sveshnikov, Evgeny"]
[Black "Malaniuk, Vladimir P"]
[Result "0-1"]
[WhiteElo "2585"]
[BlackElo "2595"]
[Annotator "Blatny,P"]
[PlyCount "66"]
[EventDate "1994.??.??"]
[EventType "tourn"]
[EventRounds "9"]
[EventCountry "UKR"]
[EventCategory "13"]
[SourceTitle "CBM 042"]
[Source "ChessBase"]
[SourceDate "1994.10.01"]
[SourceVersion "1"]
[SourceVersionDate "1994.10.01"]
[SourceQuality "1"]

1. e4 e5 2. Nf3 Nc6 3. d4 exd4 4. Nxd4 Nf6 5. Nxc6 bxc6 6. e5 Qe7 7. Qe2 Nd5 8.
c4 Nb6 9. Nd2 Bb7 10. b3 a5 11. a4 $5 (11. Bb2 {/^a1-e5-g7}) 11... Qe6 12. Bb2
Bb4 13. O-O-O O-O-O 14. Nf3 (14. f4 $6 d5 15. exd6 Qxd6 16. g3 (16. Bxg7 Ba3+
17. Bb2 (17. Kb1 Qg6+ $19) 17... Rhe8 18. Qg4+ Kb8 $36 {~/=}) 16... Rhe8 17.
Bh3+ Kb8 18. Ne4 Qe7 19. Rxd8+ Qxd8 $17 {<->e,ע}) 14... Qh6+ $1 15. Qe3 $6 (
15. Kb1 d5 $13 {<=> [+]}) 15... Qxe3+ 16. fxe3 Rde8 17. h4 (17. Bd3 {/^b1-f5,/
^c8-h3}) 17... f6 $5 18. exf6 gxf6 19. Bxf6 Rhg8 $44 20. Bg5 d5 21. Nd2 (21.
cxd5 Nxd5 22. Bc4 h6 23. Bxd5 cxd5 24. Bxh6 d4 $1 $40 {/^a8-h1,/^b1-h7}) 21...
c5 22. cxd5 Nxd5 23. Bc4 h6 24. Bxh6 Rxg2 25. Bxd5 (25. Nb1 Nxe3 26. Bxe3 Rxe3
27. h5 (27. Bd5 Bxd5 28. Rxd5 Rxb3 29. h5 c4 30. h6 Rgb2 $19) 27... Be4 28.
Be6+ Kb8 29. Rd8+ Ka7 30. Bd5 Rc2+ 31. Kd1 Rd3+ 32. Kxc2 Rxd5+ $19) 25... Bxd5
26. Rhf1 (26. e4 Rxe4 $1 27. Rh3 (27. Nxe4 Ba3+ 28. Kb1 Bxe4+ 29. Ka1 Bb2+ 30.
Ka2 Bc3+ $19) 27... Ree2 28. Rd3 (28. Bg5 Be4 $1 $19) 28... Be4 29. Rd8+ $8 (
29. Nxe4 Ba3+ 30. Kb1 Rb2+ 31. Ka1 Ra2+ 32. Kb1 Rgb2+ 33. Kc1 Ra1#) 29... Kxd8
30. Nxe4+ Kc8 31. Nd2 Kb7 32. Bg5 Rh2 33. Kc2 Bxd2 34. Rxd2 Rxd2+ 35. Bxd2 Kb6
$19) 26... c4 27. Nxc4 $2 (27. bxc4 Bc6 28. e4 Rxe4 $17 (28... Bxa4 29. Rg1
Bxd2+ $6 30. Bxd2 Rxe4 31. Rxg2 Rxc4+ 32. Kb2 Bxd1 33. Bxa5 Rxh4 34. Rg7 $10))
27... Bxc4 28. bxc4 Ba3+ 29. Kb1 Re6 $19 30. Bf8 Rb6+ 31. Ka1 Bb2+ 32. Ka2 (32.
Kb1 Bd4+ 33. Kc1 Bxe3+ $19) 32... Bc3+ 33. Ka3 Rgb2 0-1

[Event "Alushta4"]
[Site "Alushta"]
[Date "1994.??.??"]
[Round "1"]
[White "Sveshnikov, Evgeny"]
[Black "Onischuk, Alexander"]
[Result "1-0"]
[WhiteElo "2585"]
[BlackElo "2535"]
[Annotator "Blatny,P"]
[PlyCount "101"]
[EventDate "1994.??.??"]
[EventType "tourn"]
[EventRounds "9"]
[EventCountry "UKR"]
[EventCategory "13"]
[SourceTitle "CBM 042"]
[Source "ChessBase"]
[SourceDate "1994.10.01"]
[SourceVersion "1"]
[SourceVersionDate "1994.10.01"]
[SourceQuality "1"]

1. e4 {Hecht} e5 2. Nf3 Nc6 3. d4 exd4 4. Nxd4 Bc5 5. Be3 Qf6 6. c3 Nge7 7. Bc4
O-O (7... b6 8. O-O Bb7 9. Nb5 (9. Nb3 $142 $36) 9... O-O-O 10. Bxc5 bxc5 11.
Bd5 $1 a6 12. N5a3 Rhe8 13. Nc4 Nxd5 (13... d6 $10 {><e5}) 14. exd5 Ne7 15. Ne3
Nf5 16. Nxf5 Qxf5 17. c4 {=/+/= Szuek-Pinter/Hungary/1994/}) 8. O-O Bb6 (8...
Qg6 9. Nd2 d5 10. exd5 Ne5 (10... Nxd4 11. cxd4 (11. Bxd4 Bh3 12. Qf3 Bg4 13.
Qf4 Bd6 $44) 11... Bh3 12. Qf3 Bg4 13. Qe4 (13. Qg3 Nf5 14. Qf4 (14. Qxc7 $6
Bd6 $1 15. Qxb7 Bh3 16. g3 Rab8 17. Qxa7 Nxe3 18. fxe3 Bxg3 $1 19. Kh1 $8 Rxb2
$1 $19) 14... Bd6 15. Qg5 Qxg5 16. Bxg5 Nxd4 $15) 13... Bf5 $13) 11. Ne6 $5
fxe6 12. Bxc5 exd5 13. Bxe7 dxc4 14. Bxf8 Bh3 $1 15. g3 Rxf8 $44 16. Re1 $140
Qc6 (16... Rxf2 $5 17. Re2 $1 (17. Rxe5 $2 Qb6 $1 $19) 17... Rf5 18. Qa4 (18.
Qc2 Qb6+ 19. Kh1 Rf2 $1 $19) 18... a6 $1 19. Rae1 b5 20. Qa5 Qc6 $40) 17. Re4 (
17. f3 Qb6+ 18. Kh1 Nd3 $40) 17... Nf3+ 18. Nxf3 Qxe4 19. Ne1 Re8 $17) 9. Nc2
Qg6 (9... d6 {/^c8-e6-a2}) 10. Bxb6 (10. Nd2 Ne5 11. Be2 f5 12. Bxb6 Qxb6 $10 {
/^a7-f2,<->f,e}) 10... axb6 11. Nd2 Kh8 12. Ne3 d6 (12... f5 $142 13. exf5 Nxf5
14. Nxf5 Qxf5 15. Nf3 d6 16. Bd3 $14 (16. Re1 Ne5)) 13. f4 $14 f5 14. Bd3 Be6
15. Qc2 Qf7 (15... fxe4 16. Bxe4 Nf5 17. Rae1 Nxe3 (17... Rxa2 $4 18. Nxf5 Bxf5
19. Bxf5 Rxf5 20. Qxf5 $1 $18) 18. Rxe3 Bf5 19. a3 $14) 16. a3 h6 17. Rae1 fxe4
18. Nxe4 Nf5 19. Ng3 Bb3 (19... Nxe3 20. Rxe3 Bb3 $14 (20... Bc4 21. Bg6 Qd7
22. Rf2 $14 (22. Rfe1 $5 $40))) 20. Qd2 Nxe3 21. Rxe3 Bc4 22. Bxc4 Qxc4 23. f5
Ne5 24. Re4 $2 (24. f6 $142 Rxf6 (24... g5 25. Re4 {/\h4->}) 25. Rxf6 gxf6 26.
Rxe5 $3 dxe5 (26... fxe5 27. Qxh6+ Kg8 28. Nh5 Kf7 29. Qf6+ Ke8 30. Qg7 $1 Qf7
$8 31. Nf6+ Ke7 32. Nd5+ Ke6 33. Nxc7+ $18) 27. Qxh6+ Kg8 28. Nh5 $1 Qc5+ 29.
Kh1 Qe7 30. Nxf6+ Kf7 31. Nd5 $40) 24... Qc5+ 25. Kh1 Rf7 26. Rh4 (26. f6 $1)
26... Raf8 27. Re1 Qb5 28. h3 Kg8 $13 29. Rd4 Nc6 30. Rde4 d5 $2 (30... Ne5 $13
) 31. Re8 $2 (31. Re6 $16) 31... Qc4 (31... Rxe8 32. Rxe8+ Kh7 {=/+/=}) 32.
Rxf8+ Rxf8 33. Qe3 d4 $6 (33... Kh7 $14) 34. Qf4 Qc5 35. cxd4 Nxd4 36. Rc1 Qd6
37. Qxd6 cxd6 38. Rd1 Nxf5 39. Nxf5 Rxf5 40. Rxd6 Rf6 $4 (40... Rb5 41. b4 Re5
$1 42. Rxb6 Re1+ 43. Kh2 Ra1 44. Rxb7 Rxa3 $16 {_|_}) 41. Rxf6 gxf6 42. Kh2 $1
Kf7 43. Kg3 f5 44. Kf4 Ke6 45. a4 Kf6 46. g3 $1 Ke6 47. g4 $18 fxg4 48. Kxg4
Kf6 49. Kf4 Ke6 (49... Kg6 50. Ke5 Kh5 51. Kd6 Kh4 52. Kc7 Kxh3 53. Kxb7 h5 54.
Kxb6 h4 55. a5 $18) 50. Ke4 Kf6 51. Kd5 (51. Kd5 {Hecht} Kg5 (51... Ke7 {Hecht}
52. Ke5 Kd7 53. Kf6 Kd6 54. Kg6 Kc5 55. Kxh6 Kb4 56. h4 Kxa4 57. h5 Kb3 58. Kg5
Kxb2 59. h6 $18) 52. Kd6 Kh4 53. Kc7 Kxh3 (53... b5 54. a5) 54. Kxb7 h5 55.
Kxb6 h4 56. a5 Kg4 57. a6 h3 58. a7 h2 59. a8=Q $18) 1-0

[Event "Linares zt"]
[Site "Linares"]
[Date "1995.??.??"]
[Round "3"]
[White "Van der Wiel, John"]
[Black "Gomez Esteban, Juan Mario"]
[Result "1-0"]
[WhiteElo "2545"]
[BlackElo "2425"]
[Annotator "Blatny,P"]
[PlyCount "61"]
[EventDate "1995.11.??"]
[EventType "swiss"]
[EventRounds "11"]
[EventCountry "ESP"]
[SourceTitle "CBM 051"]
[Source "ChessBase"]
[SourceDate "1996.04.01"]
[SourceVersion "1"]
[SourceVersionDate "1996.04.01"]
[SourceQuality "1"]

1. e4 {Giese} e5 2. Nf3 Nc6 3. d4 exd4 4. Nxd4 Bc5 5. Nb3 Bb6 6. a4 a6 7. Nc3
d6 8. Nd5 (8. Qe2 Nf6 9. Bg5 (9. Nd5 Nxd5 10. exd5+ Ne7 11. Bg5 f6 12. Be3 Bxe3
13. Qxe3 O-O 14. O-O-O Re8 15. Qd2 Bf5 16. Bd3 Qd7 $10 {Bethe,S-Osterkorn,C/
RLNN 8990/1990/}) 9... h6 10. Bh4 g5 11. Bg3 Qe7 12. O-O-O Bd7 13. f3 O-O-O 14.
Bf2 Bxf2 15. Qxf2 Kb8 16. Nd4 Qe5 17. Bc4 Nxd4 18. Qxd4 Qxd4 19. Rxd4 Be6 $10 {
Bethe,S-Osterkorn,C/RLNN 9091/1991/}) 8... Ba7 9. Be3 Bxe3 10. Nxe3 Nf6 (10...
Nge7 11. Be2 Be6 $10) 11. Bd3 O-O (11... Ne5 $5) 12. O-O Re8 13. f3 (13. Qf3
Ne5 $13) 13... Be6 14. c4 (14. Qd2 Bxb3 $5 15. cxb3 a5 16. Bb5 Nd7 $10) 14...
a5 15. Rf2 Nd7 (15... b6 16. Bc2 Nd7 17. Nd4 Nxd4 18. Qxd4 Qf6 19. Qxf6 Nxf6
20. g4 Nd7 21. h4 Ne5 $10 {Van der Wiel,J-Pinter,J/Manila olm/1992/}) (15...
Qb8 16. Rc1 Qa7 (16... Ne5) 17. Nd5 Bxd5 18. cxd5 Nb4 19. Bb5 Rec8 (19... Rxe4
$5 20. fxe4 Nxe4 21. Qd4 Qxd4 22. Nxd4 Nxf2 23. Kxf2 Nxd5 $13) 20. Qd4 $14 {
Van der Wiel-Winants/Antwerpen/1993/}) 16. f4 f6 (16... Nc5 17. f5 {/\f6}) 17.
Rd2 Nb4 (17... Nc5 18. Nxc5 dxc5 19. e5 $36) (17... Qe7 18. Nd5 $14) 18. Bb1
Qe7 (18... Bf7 19. c5 $16) 19. Nd4 Nc5 (19... Bf7 20. Nef5 Qf8 21. Qg4 $40) 20.
Ra3 Bd7 (20... Kh8 $142) 21. Nef5 Qf8 (21... Qf7 22. Rg3 $18) 22. Rg3 g6 23.
Qh5 (23. b3 Nxe4 $17) 23... Nxe4 $2 {[#]} (23... Ne6 24. Rxg6+ hxg6 25. Qxg6+
Ng7 (25... Kh8 26. Qh5+ Kg8 27. Nh6+ Kh8 28. Ng4+ Kg8 29. e5 $18) 26. e5 Bxf5
27. Nxf5 $18) (23... Kh8 $142 24. Rxg6 Qf7 $1 25. Nh4 $1 (25. Rh6 Qxh5 26. Rxh5
Nxe4 $15) 25... Nxe4 26. Bxe4 (26. Re2 Qxc4 $19) 26... Rxe4 27. Qh6 $13 Re1+
$140 $2 28. Kf2 Qe7 (28... Ree8 29. Rxf6) 29. Rg3 $1 $18) 24. Rxg6+ $1 hxg6 25.
Qxg6+ Kh8 26. Qh5+ {:Qg8} (26. Re2 $2 {Giese} Qg8) 26... Kg8 27. Re2 $1 $18 {
[%csl Re4][%cal Ye2e3,Ye3h3,Yh5g6] /\Qg6,Re3} (27. Bxe4 Rxe4 $13) 27... Bxf5 (
27... Qf7 28. Nh6+) (27... d5 28. Re3 Ng5 (28... Re7 29. Nxe7+ Qxe7 30. Bxe4
dxe4 31. Rg3+ $18) 29. Nh6+ {[%cal Gb1h7]} Qxh6 (29... Kh8 {Giese} 30. fxg5 $18
) 30. Rxe8+ Rxe8 31. Qxh6 $18) (27... Re7 {Giese} 28. Nh6+ (28. Nxe7+) 28...
Kh8 29. Bxe4 f5 30. Nf7+ Kg8 31. Nxf5 Bxf5 32. Nh6+ $18) 28. Nxf5 Nc5 (28... d5
29. Re3 (29. Bxe4 $2 Rxe4 (29... dxe4 $4 30. Qg6+ Kh8 31. Re3 $18) 30. Qg6+ Kh8
31. Qh5+ $10) 29... Ng5 (29... Re7 30. Nxe7+ Qxe7 31. Bxe4 dxe4 (31... Qc5 32.
Qg6+ Kf8 33. Qxf6+ Kg8 34. Qe6+ Kg7 (34... Kf8 35. Bg6 $18) 35. Kh1 Qxe3 36.
Qe7+ Kg8 37. Bh7+ $18) 32. Rg3+ $18) 30. Nh6+ {[%cal Gb1h7]} (30. fxg5 Rxe3 31.
Nh6+ Qxh6 32. gxh6 Kf8 (32... Kh8 33. Qf7 Re1+ 34. Kf2 $18) 33. h7 Ke7 34. h8=Q
Rxh8 35. Qxh8 $18) 30... Qxh6 (30... Kh8 31. fxg5 Rxe3 32. Nf7+ Kg8 33. Qh7#)
31. Rxe8+ $18 (31. Rxe8+ {Giese} Rxe8 32. Qxh6 $18)) 29. Qg6+ (29. Nh6+ $18 {
[%cal Gb1h7] Giese}) 29... Kh8 30. Nxd6 $1 {[%cal Yg6h7]} Qg8 (30... f5 31.
Bxf5 Re7 (31... Qxf5 32. Rxe8+ Rxe8 33. Qxe8+ $18) 32. Rxe7 Qxe7 33. Nf7+ Qxf7
34. Qxf7 $18) 31. Qh6+ 1-0

[Event "World Women-ch"]
[Site "Jaen"]
[Date "1996.??.??"]
[Round "3"]
[White "Polgar, Zsuzsa"]
[Black "Xie, Jun"]
[Result "1/2-1/2"]
[WhiteElo "2550"]
[BlackElo "2530"]
[Annotator "Blatny,P"]
[PlyCount "37"]
[EventDate "1996.01.??"]
[EventType "match"]
[EventRounds "16"]
[EventCountry "ESP"]
[SourceTitle "CBM 052"]
[Source "ChessBase"]
[SourceDate "1996.06.01"]
[SourceVersion "1"]
[SourceVersionDate "1996.06.01"]
[SourceQuality "1"]

1. e4 e5 2. Nf3 Nc6 3. d4 exd4 4. Nxd4 Bc5 5. Nxc6 Qf6 6. Qd2 dxc6 7. Nc3 Be6
8. Na4 Rd8 9. Bd3 Bd4 10. O-O Qh4 (10... Ne7 11. c3 b5 12. cxd4 Qxd4 13. Qc2
Qxa4 $10 {Kasparov-Short/London/1994/}) (10... a6 11. Qa5 (11. Nc3 Ne7 12. Ne2
Bb6 13. Qf4 Ng6 14. Qxf6 gxf6 15. Ng3 $14 {Kasparov-Short/London/1994/}) 11...
b5 12. Nc3 Bb6 13. Qxa6 Nh6 $14 {Kasparov-Yusupow/Horgen/1994/}) 11. Qf4 Qh5 {
/\Be5} 12. Qg3 (12. Qxc7 $4 Be5 $18) 12... Ne7 13. Be3 Bf6 14. h3 O-O 15. f4 (
15. Qxc7 Rd7 16. Qg3 b6 17. Nc3 Rfd8 18. f4 Bxc3 19. bxc3 f5 20. e5 $14) 15...
Bh4 16. Qf3 Qxf3 17. Rxf3 f5 18. Nc5 fxe4 19. Bxe4 1/2-1/2

[Event "ARG-World"]
[Site "Buenos Aires"]
[Date "1994.??.??"]
[Round "10"]
[White "Hoffman, Alejandro"]
[Black "Leko, Peter"]
[Result "0-1"]
[WhiteElo "2540"]
[BlackElo "2545"]
[Annotator "Blatny,P"]
[PlyCount "56"]
[EventDate "1994.04.??"]
[EventType "schev"]
[EventRounds "10"]
[EventCountry "ARG"]
[SourceTitle "CBM 042"]
[Source "ChessBase"]
[SourceDate "1994.10.01"]
[SourceVersion "1"]
[SourceVersionDate "1994.10.01"]
[SourceQuality "1"]

1. e4 {Ernst} e5 2. Nf3 Nc6 3. d4 exd4 4. Nxd4 Nf6 5. Nxc6 bxc6 6. e5 Qe7 7.
Qe2 Nd5 8. c4 Ba6 9. b3 Qh4 (9... g6 10. Ba3 Qg5 11. g3 Nc3 12. Nxc3 Bxa3 13.
Ne4 Qe7 14. Nf6+ Kf8 15. Bg2 Bb4+ 16. Kf1 Rd8 17. Qb2 Ba3 18. Qc3 Bb4 $10 {
Kasparov-Ivanchuk/Amsterdam/1994/}) (9... O-O-O $10 {Ernst}) 10. Bb2 (10. a3 {
Ernst} Bc5 11. Qf3 Bd4 12. Ra2 Nb6 13. Bd3 $16 {Thorhallsson,T-Jonsson,B/
Hafnarfirdi/1992/}) 10... Bb4+ 11. Kd1 (11. Nd2 $2 Nc3 12. Bxc3 (12. Qf3 Ne4
13. Bc1 $8 Bc3 $1 (13... d5 14. exd6 O-O 15. Bd3 f5 $40) 14. g3 Qe7 15. Rb1
Nxd2 16. Bxd2 Qxe5+ $17) 12... Bxc3 13. Rc1 Qd4 $17) 11... Nf4 (11... O-O-O $2
{Ernst} 12. g3 Qh6 13. a3 Be7 14. Qd2 $1 $16 {Stefansson,H-Jonsson,B/
Hafnarfirdi/1992/}) 12. Qf3 (12. Qe3 Ne6 $15 {/^c5-f2}) 12... Ne6 13. g3 (13.
Nd2 $5 $13) 13... Qd8 (13... Qe7 14. a3 Bc5 {><d4}) 14. a3 Be7 15. Nd2 O-O 16.
Bd3 d5 (16... f6 $5 17. Qe2 (17. Qh5 g6 18. Bxg6 (18. Qe2) 18... hxg6 19. Qxg6+
Ng7 20. Ne4 fxe5 21. Bxe5 Rf7 $17 {/\d5}) 17... fxe5 18. Bxe5 Bf6 19. f4 (19.
Nf3 $2 d6 $1 20. Bxf6 Qxf6 21. Kc2 Rae8 $19) 19... d6 20. Bxf6 Qxf6 21. Rc1 Nd4
22. Qh5 g6 23. Qa5 Bc8 24. h3 $1 Qg7 25. Be4 Rb8 $40) 17. exd6 cxd6 (17... Qxd6
18. Kc2 Nd4+ 19. Bxd4 Qxd4 20. Qe4 $14 (20. Qxc6 $2 Bf6 $1 21. Ra2 Qc3+ 22. Kd1
Qxd3 23. Qxa6 Bc3 $1 24. Kc1 Bxd2+ 25. Rxd2 Qc3+ $19)) 18. Re1 (18. Qxc6 $2 Nc5
19. Qf3 Bb7 20. Be4 Nxe4 21. Nxe4 f5 22. Qc3 Rf7 $19) (18. Qe4 $142 $1 g6 19.
Qxc6 $1 Nc5 20. Qd5 (20. Qf3 $6 Bb7 (20... d5 $5 $132) 21. Be4 Nxe4 22. Nxe4 d5
$1 $40 (22... f5 $2 23. Qc3 $18)) 20... Bb7 21. Qd4 Bf6 22. Qxf6 Qxf6 23. Bxf6
Bxh1 24. Kc2 $1 Nxd3 (24... Bb7 25. Be7 Rfe8 26. Bxd6 Nxd3 27. Kxd3 Rad8 28. c5
$14) 25. Kxd3 Bc6 26. Be7 Rfe8 27. Bxd6 $14) 18... d5 $5 19. Qg4 (19. Rxe6 $142
$1 fxe6 20. Qh5 Rf5 $8 (20... h6 21. Bxg7 $1 Rxf2 (21... Kxg7 $4 22. Qg6+ Kh8
23. Qh7#) 22. Qg6 $1 $18 (22. Qxh6 $2 Rxd2+ $1 $19) (22. Bxh6 Rf6 23. Nf3 {
/\Qg5-g7#} Bf8 24. Bg5 Bg7 25. Ne5 Bc8 (25... dxc4 26. Qh7+ Kf8 27. Bxf6 $18)
26. Nxc6 Qd6 27. Bxf6 Bxf6 28. Qg6+ Bg7 29. Kc2 $1 $18)) 21. Bxf5 exf5 22. Qxf5
$16) 19... Ng5 (19... g6 20. Rxe6 $1 fxe6 21. Bxg6 $18) (19... Bf6 20. Qf5 Ng5
21. Bxf6 Qxf6 22. Qxf6 gxf6 23. Kc2 $16 {_|_}) 20. h4 dxc4 (20... Bc8 21. Bxh7+
$1 (21. Qh5 g6 22. Qh6 Bf6 $1 $13) 21... Kxh7 22. Qh5+ Kg8 23. hxg5 Bxg5 24.
Rh1 Bh6 (24... f6 25. Qh7+ Kf7 26. f4 Bg4+ 27. Kc1 $18) 25. Bxg7 $1 Bg4+ $8 26.
Qxg4 Bxg7 27. cxd5 $1 $18 {_|_}) 21. Bxh7+ (21. Bxc4 $2 Bxc4 22. bxc4 (22. Qxc4
Ne6) 22... Bf6 $1 $40) 21... Kxh7 22. hxg5 Bxg5 23. Rh1+ Kg8 (23... Bh6 $4 24.
Qxg7#) 24. f4 Qd3 (24... Qd5 25. Rh2 (25. Qh3 $2 Bh6 26. Bxg7 Rfd8 $40) 25...
cxb3 26. Qxg5 Qxg5 27. fxg5 Rad8 28. Rc1 $18 {_|_}) (24... Bf6 $2 {Ernst} 25.
Qh5 $18) 25. Rc1 $4 (25. Qxg5 c3 (25... f6 {Ernst} 26. Qa5 cxb3 27. Qc3) 26.
Bxc3 Qxc3 27. Rc1 Qd3 28. Qh5 f6 29. Qh8+ Kf7 30. Qh5+ Kg8 (30... Ke7 31. Re1+
$40) 31. Qh8+ $10) (25. Bxg7 $5 Rfd8 $1 (25... c3 26. Bxc3 Qxc3 27. Qxg5+ Qg7
28. Qxg7+ Kxg7 29. Rc1 $18 {_|_}) 26. Bc3 $3 Qxc3 27. Qxg5+ Qg7 $10) 25... Rfd8
$19 26. Bc3 cxb3 27. Bb4 (27. Qxg5 Qe2#) (27. fxg5 b2 $19) 27... b2 28. fxg5
b1=Q (28... b1=N {Ernst} 29. Qh5 Qxd2+ 30. Bxd2 Rxd2+ 31. Ke1 Re8+ $19) 0-1

[Event "Bugojno"]
[Site "Bugojno"]
[Date "1978.03.07"]
[Round "9"]
[White "Ljubojevic, Ljubomir"]
[Black "Ivkov, Borislav"]
[Result "1/2-1/2"]
[WhiteElo "2605"]
[BlackElo "2515"]
[Annotator "Bulletin"]
[PlyCount "51"]
[EventDate "1978.02.27"]
[EventType "tourn"]
[EventRounds "15"]
[EventCountry "YUG"]
[EventCategory "14"]
[SourceTitle "MCL"]
[Source "ChessBase"]
[SourceDate "1999.07.01"]
[SourceVersion "1"]
[SourceVersionDate "1999.07.01"]
[SourceQuality "1"]

1. e4 e5 2. Nf3 Nc6 3. d4 exd4 4. Nxd4 Nf6 5. Nxc6 bxc6 6. e5 Qe7 7. Qe2 Nd5 8.
c4 Ba6 9. b3 f6 $5 (9... O-O-O 10. Bb2 f6 $1 11. exf6 $10 (11. Nd2 $2 fxe5 12.
O-O-O Re8 13. g3 Kb8 $15 {Radulov-Rukavina, Balkaniade 1972})) 10. Bb2 Nf4 (
10... fxe5 $2 11. Qh5+ g6 12. Qxe5 $18) 11. exf6 $5 (11. Qe4 fxe5 12. Qxe5
O-O-O) 11... Nd3+ 12. Kd2 Qxe2+ 13. Bxe2 Nxb2 14. Re1 {/\#} Bb4+ 15. Nc3 O-O
16. a3 Bxc3+ 17. Kxc3 Rxf6 18. f3 (18. Bf3 Rb8) 18... Re8 19. Bf1 Rxe1 20. Rxe1
Nxc4 21. bxc4 Kf7 22. Bd3 c5 23. Re5 d6 24. Re1 h6 25. Be4 Bc8 26. Bc6 $15
1/2-1/2

[Event "Oberliga Bayern 9495"]
[Site "Bayern"]
[Date "1994.??.??"]
[Round "?.1"]
[White "Milov, Leonid"]
[Black "Pinter, Jozsef"]
[Result "0-1"]
[WhiteElo "2520"]
[BlackElo "2550"]
[Annotator "Bulletin"]
[PlyCount "78"]
[EventDate "1994.10.09"]
[EventType "team-tourn"]
[EventRounds "9"]
[EventCountry "GER"]
[SourceTitle "EXT 1999"]
[Source "ChessBase"]
[SourceDate "1998.11.16"]
[SourceVersion "1"]
[SourceVersionDate "1998.11.16"]
[SourceQuality "1"]
[WhiteTeam "Nuernberg SC NT 1873"]
[BlackTeam "Regensburg DJK"]
[WhiteTeamCountry "GER"]
[BlackTeamCountry "GER"]

1. e4 e5 2. Nf3 Nc6 3. d4 exd4 4. Nxd4 Nf6 5. Nxc6 bxc6 6. e5 Qe7 7. Qe2 Nd5 8.
g3 g6 9. c4 Ba6 10. Nd2 Bg7 11. f4 O-O 12. Qe4 f5 13. Qf3 Nb6 14. Be2 c5 15.
O-O d6 16. Qa3 Bb7 17. Bf3 Bxf3 18. Nxf3 Nxc4 19. Qb3 d5 $17 20. Qc3 Nb6 21. b3
c4 22. Qa5 c5 23. Ba3 Rfc8 24. Rfd1 Bf8 25. Rac1 Qe8 26. Nd2 cxb3 27. axb3 Qc6
28. Nf3 Nd7 29. Qd2 Rab8 30. b4 (30. Qxd5+ Qxd5 31. Rxd5 Rxb3 32. Rxd7 Rxa3 $17
) 30... Nb6 31. Nd4 Qa4 $1 32. Nc2 cxb4 33. Bxb4 Rxc2 $1 34. Qxc2 Qxb4 35. Qc6
Qe7 36. Kg2 Rd8 37. Rd4 Rc8 38. Qxc8 Nxc8 39. Rxc8 Qb7 0-1

[Event "Bucharest"]
[Site "Bucharest"]
[Date "1996.??.??"]
[Round "?"]
[White "Vajda, Levente"]
[Black "Todorovic, Goran M"]
[Result "*"]
[WhiteElo "2370"]
[BlackElo "2470"]
[Annotator "Bulletin"]
[PlyCount "36"]
[EventDate "1996.??.??"]
[EventType "tourn"]
[EventRounds "15"]
[EventCountry "ROU"]
[EventCategory "9"]
[SourceTitle "EXT 1999"]
[Source "ChessBase"]
[SourceDate "1998.11.16"]
[SourceVersion "1"]
[SourceVersionDate "1998.11.16"]
[SourceQuality "1"]

1. e4 e5 2. Nf3 Nc6 3. d4 exd4 4. Nxd4 Nf6 5. Nxc6 bxc6 6. e5 Qe7 7. Qe2 Nd5 8.
c4 Ba6 9. b3 g6 10. g3 Bg7 11. Bb2 O-O 12. Bg2 Rae8 13. O-O Bxe5 $5 $146 (13...
Nb6) 14. Qxe5 Qxe5 15. Bxe5 Rxe5 16. cxd5 Bxf1 17. Kxf1 cxd5 18. Nc3 c6 $17 *

[Event "World U20-ch22"]
[Site "Belfort"]
[Date "1983.08.20"]
[Round "8"]
[White "Granda Zuniga, Julio E"]
[Black "Condie, Mark L"]
[Result "1-0"]
[WhiteElo "2365"]
[BlackElo "2345"]
[Annotator "Bulletin/Primel,D"]
[PlyCount "55"]
[EventDate "1983.08.12"]
[EventType "swiss"]
[EventRounds "13"]
[EventCountry "FRA"]
[SourceTitle "EXT 2015"]
[Source "ChessBase"]
[SourceDate "2014.11.20"]
[SourceVersion "1"]
[SourceVersionDate "2014.11.20"]
[SourceQuality "1"]

1. e4 e5 2. Nf3 Nc6 3. d4 exd4 4. Nxd4 Bc5 5. Nb3 (5. Be3) (5. Nxc6) 5... Bb6
6. Nc3 Nge7 (6... d6) 7. a4 (7. Bg5) (7. Qe2) 7... a6 (7... a5 {[%csl Rb5]} 8.
Bg5 f6 9. Bh4 O-O 10. Qd2 $14 {Radulov,I-Westerinen,H Raach zt 1969 (1) 1-0})
8. g3 (8. Bg5 f6 9. Bh4 O-O 10. a5 Ba7) 8... d6 9. Bg2 Bd7 $146 {[%cal Gd8c8]
Un plan assez passif} (9... Ne5 10. h3 {Bilek,I (2485)-Anderson,F Munich ol 
(Men) fin-B 1958 (3) 1/2}) 10. O-O Qc8 11. Nd5 $1 Nxd5 12. exd5 Ne5 (12... Ne7
$2 13. Re1 {[%csl Re7,Re8]}) 13. Nd4 (13. Kh1 {[%cal Gf2f4]} O-O $132) 13...
O-O 14. b3 Bg4 15. f3 Bh3 16. g4 Bxg2 17. Kxg2 Bxd4 (17... h5 $5 {[%csl Rg2]}
18. Nf5 Qd7 19. h3 Rae8 (19... hxg4 $143 20. hxg4 {[%csl Rg8][%cal Gf1h1]}))
18. Qxd4 f5 $132 19. g5 Qe8 20. f4 Ng4 $2 {Le Ng4 n'a plus de cases de repli
et si l'attaque n'aboutit pas, ils vont perdre une pièce} (20... Ng6 21. Bd2 {
[%cal Ga1e1]} Qe2+ 22. Rf2 Qg4+ {[%csl Rg2]}) 21. Qd3 Qg6 {[%cal Gg6h5,Gh5h2]}
(21... Qh5 22. h3 {[%csl Rg4]}) 22. Kh1 Rae8 23. h3 Qh5 24. Kg2 {Gagne une
pièce mais le K Blanc est un peu exposé} Nf6 25. gxf6 Rxf6 {[%cal Gf6g6]} 26.
Rf3 $1 $18 Rg6+ 27. Kf1 Qh4 28. Bd2 1-0

[Event "RUS-ch 63rd"]
[Site "Moscow"]
[Date "2010.12.20"]
[Round "9"]
[White "Nepomniachtchi, Ian"]
[Black "Svidler, Peter"]
[Result "1-0"]
[WhiteElo "2720"]
[BlackElo "2722"]
[Annotator "CB"]
[PlyCount "77"]
[EventDate "2010.12.11"]
[EventType "tourn"]
[EventRounds "11"]
[EventCountry "RUS"]
[EventCategory "19"]
[SourceTitle "CBM 140"]
[Source "ChessBase"]
[SourceDate "2011.01.18"]
[SourceVersion "1"]
[SourceVersionDate "2011.01.18"]
[SourceQuality "1"]

1. e4 e5 2. Nf3 Nc6 3. d4 exd4 4. Nxd4 Nf6 5. Nxc6 bxc6 6. e5 Qe7 7. Qe2 Nd5 8.
c4 Ba6 9. Nd2 g6 10. Nf3 Qb4+ 11. Kd1 Nb6 (11... Rb8 12. Qc2 Ne7 13. b3 Bg7 14.
Bd2 Qb6 15. c5 Qb7 16. Bxa6 Qxa6 17. Qc4 Qxc4 18. bxc4 h6 19. h4 d5 20. cxd6
cxd6 21. Bc3 d5 22. Kc2 c5 23. Rab1 O-O 24. Rxb8 Rxb8 25. cxd5 Nxd5 26. Rd1
Nb4+ 27. Bxb4 cxb4 28. Kb3 Bf8 29. Rd7 {1-0 Ponomariov,R (2734)-Leko,P (2734)/
Dortmund 2010/Mega2010 Update 32 (57)}) 12. b3 Bg7 13. Qd2 Qe7 14. Bb2 O-O 15.
Kc2 c5 16. h4 d5 17. exd6 Qxd6 18. Bxg7 Qxd2+ 19. Nxd2 Kxg7 {#Not easy to
understand why Svidler accepted to enter this line, since the pawn structure
is shattered and weakened, and there is no obvious compensation for it.} 20.
Ne4 Nd7 21. Rd1 Bb7 22. Nc3 Nf6 23. f3 Rfe8 24. Bd3 a5 25. Rhe1 Bc6 26. Nb5
Rxe1 27. Rxe1 Re8 28. Rxe8 Nxe8 {#} 29. Kb2 $1 {White's plan to bring his king
to a3-a4 and pick up the pawn is straightforward and strong, and forces Black
to play precisely.} Kh6 30. Be2 {#To protect f3 and be able to answer Kh5 with
g3.} Ng7 $2 {A mistake. Black cannot capture the pawn with the king with Kh5,
since White has g3, so he goes for it with his knight instead. The problem is
that this takes far too much time.} ({The immediate} 30... g5 {was necessary.}
31. hxg5+ (31. g3 $2 gxh4 32. gxh4 Kh5) 31... Kxg5 32. g3 Ng7 33. f4+ Kh6 34.
Nxc7 Nh5 $11) 31. Ka3 Nf5 32. Ka4 Nxh4 33. Bf1 Nf5 34. Kxa5 Ne3 35. Nxc7 Nxf1
36. Kb6 Bd7 37. Nd5 Kg7 38. a4 Bc8 39. Ne7 1-0